[Event "NZL-ch Major op"]
[Site "Auckland"]
[Date "2011.01.10"]
[Round "9"]
[White "McNally, Ian"]
[Black "Roberts, Michael Gerard"]
[Result "0-1"]
[WhiteElo "1934"]
[BlackElo "1622"]
[PlyCount "84"]
[EventDate "2011.01.02"]
[EventType "swiss"]
[EventRounds "11"]
[EventCountry "NZL"]
[SourceTitle "EXT 2018"]
[Source "ChessBase"]
[SourceDate "2017.10.13"]
[SourceVersion "1"]
[SourceVersionDate "2017.10.13"]
[SourceQuality "1"]

1. e4 e6 2. Nf3 d5 3. e5 c5 4. b4 cxb4 5. d4 Bd7 6. a3 Nc6 7. axb4 Bxb4+ 8. c3 Ba5 9. Ba3 Nge7 10. Bd3 f5 11. exf6 gxf6 12. 0-0 Qc7 13. Qc2 Bb6 14. Nbd2 0-0-0 15. Rfe1 h5 16. Nb3 Rdg8 17. Kh1 Rg7 18. c4 Rhg8 19. Bxe7 Rxe7 20. cxd5 Nb4 21. Qxc7+ Bxc7 22. dxe6 Rxe6 23. Bc4 Rxe1+ 24. Nxe1 Re8 25. Nf3 Kb8 26. Bf7 Re2 27. Bxh5 Rxf2 28. Nc5 Bc6 29. Kg1 Re2 30. Bg4 Bf4 31. Kf1 Re7 32. Rb1 a5 33. g3 Bh6 34. Nh4 Bb5+ 35. Kg2 Bc6+ 36. Kf1 Bg5 37. Nf5 Bb5+ 38. Kf2 Re8 39. h4 Bd2 40. Nd6 Be3+ 41. Kg2 Bc6+ 42. Kf1 Rg8 0-1